Energetická politika Európskej únie diplomová práca

Uložené v:
Podrobná bibliografia
Hlavný autor: Angelovičová, Tatiana
Korporativný autor: Obchodná fakulta EU. Katedra medzinárodného obchodu
Ďalší autori: Báráňová-Čiderová, Denisa, 1977-
Médium: Kniha
Jazyk:Slovak
Vydavateľské údaje: Bratislava 2008
Tagy: Pridať tag
Žiadne tagy, Buďte prvý, kto otaguje tento záznam!

MARC

LEADER 00000nam$a2200000$$$4500
001 0083701
005 20240201115054.0
041 0 |a slo 
044 |a SK 
245 1 0 |a Energetická politika Európskej únie  |b diplomová práca  |c Tatiana Angelovičová ; škol. Denisa Báráňová-Čiderová 
264 1 |a Bratislava  |c 2008 
300 |a 83 s. 
100 1 |a Angelovičová, Tatiana 
700 1 |a Báráňová-Čiderová, Denisa, 1977- 
710 2 |a Obchodná fakulta EU. Katedra medzinárodného obchodu